| 000 | 00927nam a22002417a 4500 | ||
|---|---|---|---|
| 999 |
_c20349 _d20349 |
||
| 003 | AR-CdUCM | ||
| 008 | 190311b ||||| |||| 00| 0 spa d | ||
| 040 |
_aMUNICIPALIDAD PROVINCIAL DEL CUSCO _cBIBLIOTECA MUNICIPAL DEL CUSCO |
||
| 041 | _hrus | ||
| 082 |
_a947.084 / _bA16 |
||
| 110 |
_aAcademia de ciencias de la URSS _920863 |
||
| 245 | _aHistoria de la gran revolución socialista de octubre / | ||
| 260 |
_aMoscú : _bProgreso, _c1971. |
||
| 300 |
_a524 páginas ; _c18 cm. _bFotografía, |
||
| 505 | _aContenido : Camino hacia la revolución socialista -- Situación en el país después derrocamiento de la autocracia -- El rumbo Leninista hacia la revolución socialista... | ||
| 650 |
_aRusia _9499 |
||
| 650 |
_aHistoria _9136 |
||
| 650 |
_aRevolución Socialista _92686 |
||
| 650 |
_aCrisis revolucionario _942561 |
||
| 700 |
_aRodriguez, Joaquin (traducción) _942562 |
||
| 942 |
_2ddc _cLIBROS |
||
| 945 | _arcc | ||